Κατάλογος Βιβλιοθηκών Mediterranean College

Ψυχολογία της Υγείας / Θεωρία και Κλινική Πράξη (Record no. 4566)

MARC details
000 -LEADER
fixed length control field 02718cam a22002054a 4500
005 - ΗΜΕΡΟΜΗΝΙΑ ΚΑΙ ΩΡΑ ΤΕΛΕΥΤΑΙΑΣ ΕΝΗΜΕΡΩΣΗΣ
Πεδίο ελέγχου 20250605164149.0
008 - FIXED-LENGTH DATA ELEMENTS--GENERAL INFORMATION
Πεδίο ελέγχου σταθερού μήκους 250528s ||||||||||||||||||||||||d
035 ## - SYSTEM CONTROL NUMBER
System control number 19306
020 ## - ISBN
ISBN 9604022130
040 ## - ΠΗΓΗ ΚΑΤΑΛΟΓΟΓΡΑΦΗΣΗΣ
Φορέας πρωτότυπης καταλογογράφησης MC Athens Campus Library
Γλώσσα καταλογογράφησης Ελληνικά, Μοντέρνα (1453-)
Modifying agency MC Athens Campus Library
Κανόνες περιγραφικής καταλογογράφησης AACR2
245 1# - ΤΙΤΛΟΣ ΚΑΙ ΔΗΛΩΣΗ ΥΠΕΥΘΥΝΟΤΗΤΑΣ
Τίτλος Ψυχολογία της Υγείας / Θεωρία και Κλινική Πράξη
250 ## - EDITION STATEMENT
Edition statement
260 ## - PUBLICATION, DISTRIBUTION, ETC.
Name of publisher, distributor, etc. Τυπωθήτω - Γιώργος Δαρδανός,
Date of publication, distribution, etc. 2005
300 ## - PHYSICAL DESCRIPTION
Extent 304
520 ## - SUMMARY, ETC.
Summary, etc. Στο παρόν βιβλίο καταβάλλεται προσπάθεια να παρουσιαστούν με ευσύνοπτο τρόπο οι νεότερες εξελίξεις στον χώρο της Ψυχολογίας της Υγείας, αλλα και οι βασικές αρχές και διαστάσεις του πεδίου αυτού. Πρόλογος, Υγεία και Ψυχολογία της Υγείας, Πολιτισμός και Υγεία, Κοινωνικό Περιβάλλον και Υγεία, Συμπεριφορές που Σχετίζονται με την Υγεία, Παράγοντες που Καθορίζουν τις Συμπεριφορές Υγείας, Βιοσυμπεριφοριστικοί Παράγοντες και Υγεία, Προαγωγή της Υγείας, Ο Πόνος και η Διαχείριση του, Δομές Παροχής Υπηρεσιών Υγείας και Νοσοκομείο: Οι Αντιδράσεις των Ασθενών και ο Ρόλος του Ψυχολόγου Υγείας, Χρόνια Ασθένεια και η Προσαρμογή σε Αυτή, Σημαντικά Προβλήματα Υγείας: Βιοψυχοκοινωνικές Αλληλεπιδράσεις και Ψυχολογικές Παρεμβάσεις, Καρδιαγγειακές Νόσοι, Νεοπλασίες, Σακχαρώδης Διαβήτης, HIV/ AIDS, Επώδυνες Ιατρικές Επεμβάσεις και Διαδικασίες, Το Τρίπτυχο: Επικοινωνία Μεταξύ Προσωπικού Υγείας και Ασθενούς και η Ικανοποίηση των Ασθενών και Τήρηση των Ιατρικών Οδηγιών, Οικογένεια και Άτυποι ''Φροντιστές'' και Ασθένεια, Θάνατος και Πένθος, Θέματα Ψυχικής Υγείας στο Χώρο των Υπηρεσιών Γενικής Υγείας και Σωματόμορφες Διαταραχές, Παράρτημα. Βιβλιογραφικές Παραπομπές.
700 1# - ΠΡΟΣΘΕΤΗ ΑΝΑΓΡΑΦΗ--ΦΥΣΙΚΟ ΠΡΟΣΩΠΟ
Personal name Καραδήμας Ευάγγελος Χ
9 (RLIN) 5543
942 ## - ADDED ENTRY ELEMENTS (KOHA)
Koha item type Books
Holdings
Τύπος τεκμηρίου Βιβλιοθήκη Τρέχουσα τοποθεσία Barcode Αριθμός εισαγωγής Ημερομηνία απόκτησης Ταξιθετικό σύμβολο Αριθμός αντιτύπου Κατάσταση απόσυρσης Κατάσταση χαμένου Κατάσταση κατεστραμμένου Μη δανεισμός Σύνολο δανεισμών Ημερομηνία τελευταίας εμφάνισης Η τιμή ισχύει από
Books MC Athens Campus Library MC Athens Campus Library 9780000045652 5318 05/06/2025 616.0019 KAR 1           05/06/2025 05/06/2025

MC Athens Campus Library
Πατησίων 94 & Κοδριγκτώνος 13, 104 34
Πελλήνης 8 & Πατησίων 107, 112 51
Τ: +30 210 8899600

MC Thessaloniki Campus Library
Ίωνος Δραγούμη 21, 54625 | Ίωνος Δραγούμη 15, 54625
Τ: +30 2310 287779 – Τ: +30 2314 440300